Bahao (Record no. 594590)

000 -LEADER
fixed length control field 00333nam a22001337a 4500
020 ## - INTERNATIONAL STANDARD BOOK NUMBER
International Standard Book Number 9789693501605
040 ## - CATALOGING SOURCE
Transcribing agency NUST
082 ## - DEWEY DECIMAL CLASSIFICATION NUMBER
Classification number 891.4393 TAR
100 ## - MAIN ENTRY--PERSONAL NAME
Personal name Tarar, Mustansar Hussain
9 (RLIN) 3135
245 ## - TITLE STATEMENT
Title Bahao
260 ## - PUBLICATION, DISTRIBUTION, ETC.
Place of publication, distribution, etc. Lahore;
Name of publisher, distributor, etc. Sang E Meel Publications,
Date of publication, distribution, etc. 2009.
650 ## - SUBJECT ADDED ENTRY--TOPICAL TERM
Topical term or geographic name entry element Urdu Literature-Novel
9 (RLIN) 1164
942 ## - ADDED ENTRY ELEMENTS (KOHA)
Source of classification or shelving scheme
Koha item type Book
Holdings
Withdrawn status Lost status Source of classification or shelving scheme Damaged status Not for loan Permanent Location Current Location Shelving location Date acquired Shelving control number Full call number Barcode Date last seen Price effective from Koha item type Public note
          College of Electrical & Mechanical Engineering (CEME) College of Electrical & Mechanical Engineering (CEME) Fiction 05/02/2023 Urdu Literature 891.4393 TAR CEME-47079 05/02/2023 05/02/2023 Book 1.0
© 2023 Central Library, National University of Sciences and Technology. All Rights Reserved.